Teoría y problemas de ecuaciones diferenciales
Enregistré dans:
| Auteur principal: | |
|---|---|
| Format: | Livre |
| Langue: | espagnol |
| Publié: |
Ciudad de Panamá
McGraw-Hill
1969
|
| Collection: | Compendios Schaum
|
| Sujets: | |
| Tags: |
Ajouter un tag
Pas de tags, Soyez le premier à ajouter un tag!
|
MARC
| LEADER | 00000nam a2200000 a 4500 | ||
|---|---|---|---|
| 001 | UCV3958 | ||
| 003 | CL-VaPUC | ||
| 008 | 881003e19690000PN |||||||||||||||||spa|d | ||
| 082 | 0 | 4 | |a 515.35 |b AYR |2 21 |
| 100 | 0 | |a Ayres, Frank |e author |9 298353 | |
| 245 | 1 | 0 | |a Teoría y problemas de ecuaciones diferenciales |
| 300 | |a 296 p | ||
| 942 | |c BK | ||
| 945 | |d 19881003 00:00:00 | ||
| 260 | |a Ciudad de Panamá |b McGraw-Hill |c 1969 | ||
| 650 | 0 | |a Ecuaciones diferenciales |9 260083 | |
| 583 | |a last modification |c 19881003 00:00:00 |k Rodrigo Vera | ||
| 490 | 0 | |a Compendios Schaum | |
| 999 | |c 211032 |d 211030 | ||
| 952 | |0 0 |1 0 |2 ddc |4 0 |6 515_350000000000000_AYR_1969 |7 0 |8 A |9 188438 |a BIBING |b BIBING |c RES |d 2019-11-14 |i 2560194 |o 515.35 AYR 1969 |p 2560194 |r 2025-01-20 |w 2019-11-14 |y BK |k ING | ||
| 952 | |0 0 |1 0 |4 0 |6 515_350000000000000_AYR_1969 |7 0 |8 A |9 188439 |a BIBMAT |b BIBMAT |d 2019-11-14 |i 2560208 |o 515.35 AYR 1969 |p 2560208 |r 2025-01-07 |w 2019-11-14 |y BK |k MAT | ||
| 952 | |0 0 |1 0 |2 ddc |4 0 |6 515_350000000000000_AYR_1969 |7 0 |8 A |9 188440 |a BIBMEC |b BIBMEC |d 2019-11-14 |i 2560216 |o 515.35 AYR 1969 |p 2560216 |r 2024-01-19 |w 2019-11-14 |y BK_P |k MEC | ||
| 952 | |0 0 |1 0 |2 ddc |4 0 |6 515_350000000000000_AYR_1969 |7 0 |8 A |9 188441 |a BIBING |b BIBING |c RES |d 2019-11-14 |i 2560224 |o 515.35 AYR 1969 |p 2560224 |r 2025-01-20 |w 2019-11-14 |y BK |k TRA | ||
| 952 | |0 0 |1 0 |2 ddc |4 0 |6 515_350000000000000_AYR_1969 |7 0 |8 A |9 188443 |a BIBING |b BIBING |c RES |d 2019-11-14 |i 2560267 |o 515.35 AYR 1969 |p 2560267 |r 2025-01-20 |w 2019-11-14 |y BK |k ING | ||
| 952 | |0 0 |1 0 |2 ddc |4 0 |6 515_350000000000000_AYR_1969 |7 0 |8 A |9 188444 |a BIBING |b BIBING |c RES |d 2019-11-14 |i 2560283 |o 515.35 AYR 1969 |p 2560283 |r 2025-01-20 |w 2019-11-14 |y BK |k ING | ||
| 952 | |0 0 |1 0 |2 ddc |4 0 |6 515_350000000000000_AYR_1969 |7 0 |8 A |9 188445 |a BIBING |b BIBING |c RES |d 2019-11-14 |i 2560305 |o 515.35 AYR 1969 |p 2560305 |r 2025-01-20 |w 2019-11-14 |y BK |k ING | ||
| 952 | |0 0 |1 0 |2 ddc |4 0 |6 515_350000000000000_AYR_1969 |7 0 |8 A |9 188446 |a BIBING |b BIBING |c RES |d 2019-11-14 |i 2560321 |o 515.35 AYR 1969 |p 2560321 |r 2025-01-20 |w 2019-11-14 |y BK |k EII | ||
| 952 | |0 0 |1 0 |2 ddc |4 0 |6 515_350000000000000_AYR_1969 |7 0 |8 A |9 188447 |a BIBING |b BIBING |c RES |d 2019-11-14 |i 2560348 |o 515.35 AYR 1969 |p 2560348 |r 2025-01-20 |w 2019-11-14 |y BK |k CCL | ||
| 952 | |0 0 |1 0 |2 ddc |4 0 |6 515_350000000000000_AYR_1969 |7 0 |8 A |9 188448 |a BIBING |b BIBING |c RES |d 2019-11-14 |i 2560356 |o 515.35 AYR 1969 |p 2560356 |r 2025-01-20 |w 2019-11-14 |y BK |k CCL | ||
| 952 | |0 0 |1 0 |2 ddc |4 0 |6 515_350000000000000_AYR_1969 |7 0 |8 A |9 188449 |a BIBING |b BIBING |c RES |d 2019-11-14 |i 2560364 |o 515.35 AYR 1969 |p 2560364 |r 2025-01-20 |w 2019-11-14 |y BK |k EIE | ||
| 952 | |0 0 |1 0 |4 0 |6 515_350000000000000_AYR_1969 |7 0 |8 A |9 188450 |a BIBCUR |b BIBCUR |d 2019-11-14 |i 1780387 |o 515.35 AYR 1969 |p 1780387 |r 2025-04-22 |w 2019-11-14 |y BK |k BCB | ||
| 952 | |0 0 |1 0 |2 ddc |4 0 |6 515_350000000000000_AYR_1969 |7 0 |8 P |9 188451 |a BIBMEC |b BIBMEC |d 2019-11-14 |i 4167473 |o 515.35 AYR 1969 |p 4167473 |r 2024-01-19 |w 2019-11-14 |y BK_P |k MEC | ||
| 952 | |0 0 |1 0 |4 0 |6 515_350000000000000_AYR_1969 |7 0 |8 P |9 188452 |a BIBEDU |b BIBEDU |c BIBEDU_PB |d 2019-11-14 |i 432398K |o 515.35 AYR 1969 |p 432398K |r 2024-01-25 |w 2019-11-14 |y BK |k EBA | ||
| 952 | |0 0 |1 0 |4 0 |6 515_350000000000000_AYR_1969 |7 0 |8 A |9 188453 |a BIBALI |b BIBALI |c GEN |d 2019-11-14 |i 1975986 |o 515.35 AYR 1969 |p 1975986 |r 2025-01-20 |w 2019-11-14 |y BK |k ALI | ||